000 00345nam a2200145Ia 4500
008 230917s9999||||xx |||||||||||||| ||und||
040 _e153087
_aMAIN
041 _aEnglish
082 _a294.6 B73D
100 _aBrahma, Jagdish Singh
245 0 _aDakhni omkaari roop-rachna ate paath
260 _c2004
300 _a128p p.
942 _cBK
999 _c132081
_d132081